| 000 | 00415nam a22001577a 4500 | ||
|---|---|---|---|
| 005 | 20150316144136.0 | ||
| 008 | 150316b xxu||||| |||| 00| 0 eng d | ||
| 020 | _a0233973508 | ||
| 040 | _cPK-LaUMT | ||
| 082 |
_aKHC 958.104 _bGRI-A |
||
| 100 | _aGriffiths, John G. | ||
| 245 |
_aAfghanistan _bkey to a continent _cJohn G. Griffiths |
||
| 260 |
_aLondon _bAndre Deutsch _c1981 |
||
| 300 | _a225 p. | ||
| 942 | _cBK | ||
| 999 |
_c67909 _d67909 |
||